Integral mission : (Record no. 1787)
[ view plain ]
| 000 -LEADER | |
|---|---|
| fixed length control field | 00898cam a2200289 a 4500 |
| 001 - CONTROL NUMBER | |
| control field | 7738901 |
| 003 - CONTROL NUMBER IDENTIFIER | |
| control field | GBCCL |
| 005 - DATE AND TIME OF LATEST TRANSACTION | |
| control field | 20241126110409.0 |
| 008 - FIXED-LENGTH DATA ELEMENTS--GENERAL INFORMATION | |
| fixed length control field | 061115s2006 ii a b 010 0 eng d |
| 020 ## - INTERNATIONAL STANDARD BOOK NUMBER | |
| International Standard Book Number | 8178210568 (pbk.) |
| 035 ## - SYSTEM CONTROL NUMBER | |
| System control number | (OCoLC)ocn682724237 |
| 035 ## - SYSTEM CONTROL NUMBER | |
| System control number | 7738901 |
| 040 ## - CATALOGING SOURCE | |
| Original cataloging agency | CtY-D |
| Transcribing agency | CtY-D |
| 043 ## - | |
| -- | a-ii--- |
| 050 #4 - | |
| -- | BV2063 |
| -- | .I58 2006 |
| 082 ## - DEWEY DECIMAL CLASSIFICATION NUMBER | |
| Classification number | 266.001 |
| Item number | INT |
| 245 00 - TITLE STATEMENT | |
| Title | Integral mission : |
| Remainder of title | the way forward : essays in honour of Dr. Saphir P. Athyal / |
| Statement of responsibility, etc. | editor C.V. Mathew. |
| 260 ## - PUBLICATION, DISTRIBUTION, ETC. | |
| Place of publication, distribution, etc. | Tiruvalla, Kerala, India : |
| Name of publisher, distributor, etc. | Christava Sahitya Samithi, |
| Date of publication, distribution, etc. | c2006. |
| 300 ## - PHYSICAL DESCRIPTION | |
| Extent | 408 p. : |
| Other physical details | col. ill. ; |
| Dimensions | 22 cm. |
| 504 ## - BIBLIOGRAPHY, ETC. NOTE | |
| Bibliography, etc. note | Includes bibliographical references. |
| 600 10 - SUBJECT ADDED ENTRY--PERSONAL NAME | |
| Personal name | Athyal, Saphir P. |
| 9 (RLIN) | 3698 |
| 650 #0 - SUBJECT ADDED ENTRY--TOPICAL TERM | |
| Topical term or geographic name entry element | Missions |
| General subdivision | Theory. |
| 9 (RLIN) | 48 |
| 650 #0 - SUBJECT ADDED ENTRY--TOPICAL TERM | |
| Topical term or geographic name entry element | Missions |
| Geographic subdivision | India. |
| 9 (RLIN) | 52 |
| 700 1# - ADDED ENTRY--PERSONAL NAME | |
| Personal name | Mathew, C. V. |
| 9 (RLIN) | 3318 |
| 700 1# - ADDED ENTRY--PERSONAL NAME | |
| Personal name | Athyal, Saphir P. |
| 9 (RLIN) | 3698 |
| 942 ## - ADDED ENTRY ELEMENTS (KOHA) | |
| Source of classification or shelving scheme | Dewey Decimal Classification |
| Koha item type | Books |
| Koha issues (borrowed), all copies | 17 |
| Withdrawn status | Lost status | Source of classification or shelving scheme | Damaged status | Not for loan | Home library | Current Library | Shelving location | Date acquired | Total checkouts | Total renewals | Full call number | Barcode | Date last seen | Date last checked out | Copy number | Price effective from | Koha item type |
|---|---|---|---|---|---|---|---|---|---|---|---|---|---|---|---|---|---|
| Dewey Decimal Classification | GRACE BIBLE COLLEGE | GRACE BIBLE COLLEGE | Ministry & Mission | 2017-05-25 | 17 | 2 | 266.001 INT | 006953 | 2025-05-01 | 2025-02-05 | c.1 | 2017-05-25 | Books | ||||
| Dewey Decimal Classification | GRACE BIBLE COLLEGE | GRACE BIBLE COLLEGE | Ministry & Mission | 2022-03-30 | 4 | 266.001 INT | 015194 | 2026-02-23 | 2026-02-19 | c.2 | 2022-03-30 | Books | |||||
| Dewey Decimal Classification | GRACE BIBLE COLLEGE | GRACE BIBLE COLLEGE | Ministry & Mission | 2025-06-24 | 1 | 266.001 INT | 016667 | 2026-02-16 | 2026-02-13 | c.3 | 2025-06-24 | Books | |||||
| Dewey Decimal Classification | GRACE BIBLE COLLEGE | GRACE BIBLE COLLEGE | Ministry & Mission | 2025-06-24 | 1 | 266.001 INT | 016668 | 2025-08-04 | 2025-08-04 | c.4 | 2025-06-24 | Books | |||||
| Dewey Decimal Classification | GRACE BIBLE COLLEGE | GRACE BIBLE COLLEGE | Ministry & Mission | 2025-06-24 | 1 | 266.001 INT | 016669 | 2025-09-15 | 2025-08-01 | c.5 | 2025-06-24 | Books | |||||
| Dewey Decimal Classification | GRACE BIBLE COLLEGE | GRACE BIBLE COLLEGE | Ministry & Mission | 2025-06-24 | 266.001 INT | 016670 | 2025-06-24 | c.6 | 2025-06-24 | Books | |||||||
| Dewey Decimal Classification | GRACE BIBLE COLLEGE | GRACE BIBLE COLLEGE | Ministry & Mission | 2025-06-24 | 266.001 INT | 016671 | 2025-06-24 | c.7 | 2025-06-24 | Books |